Statistics for Famous People Born in Connecticut

Click here to take the quiz!

General Stats

  • This quiz has been taken 100 times
  • The average score is 5 of 13

Answer Stats

DescriptionFamous PersonBirth City% Correct
43rd presidentGeorge W. BushNew Haven
83%
Actress of When Harry Met Sally and AnastasiaMeg RyanFairfield
52%
Actor of Back to the Future and CyberchaseChristopher LloydStamford
48%
Author of The Hunger GamesSuzanne CollinsHartford
48%
Actress of Morning Glory and On Golden PondKatharine HepburnHartford
45%
Creator of Family GuySeth MacFarlaneKent
45%
Author of TwilightStephenie MeyerHartford
45%
Actress of Tarzan and 101 DalmatiansGlenn CloseGreenwich
43%
Actor from every Pixar movieJohn RatzenbergerBridgeport
31%
Actor of Sideways and Cinderella ManPaul GiamattiNew Haven
31%
Actor of Dodgeball and Alvin and the ChipmunksJustin LongFairfield
26%
Actor as Mermaid Man in SpongeBobErnest BorgnineHamden
24%
Actor of The Mary Tyler Moore Show and CaddyshackTed KnightTerryville
21%

Score Distribution

Percentile by Number Answered

Percent of People with Each Score

Your Score History

You have not taken this quiz